书目信息 |
| 题名: |
梵蒂冈史
|
|
| 作者: | 舍英曼 , Щейнман 著 ;黑龙江大学俄语系 译 | |
| 分册: | ||
| 出版信息: | 哈尔滨 黑龙江人民出版社 1979 |
|
| 页数: | 654页 | |
| 开本: | 20cm | |
| 丛书名: | ||
| 单 册: | ||
| 中图分类: | K547 , K547.5 | |
| 科图分类: | ||
| 主题词: | 南欧--历史 , 现代史-梵蒂冈 | |
| 电子资源: | ||
| ISBN: | ||
| 000 | 00926nam0 2200313 45 | |
| 001 | 0179007333 | |
| 005 | 20060801090858.34 | |
| 010 | @dCNY2.20 | |
| 091 | @a11093.26 | |
| 100 | @a19950725d1979 em y0chiy0121 ea | |
| 101 | 1 | @achi@crus |
| 102 | @aCN@b230000 | |
| 105 | @ay z 000yy | |
| 200 | 10 | @a梵蒂冈史@Afan di gang shi@e第二次世界大战时期@f(苏)舍英曼(М.М.Щейнман)著@g黑龙江大学俄语系翻译组译 |
| 210 | @a哈尔滨@c黑龙江人民出版社@d1979 | |
| 215 | @a654页@d20cm | |
| 300 | @a内部读物 | |
| 300 | @a书名原文:Ватикан | |
| 510 | 1 | @aВатикан@zrus |
| 606 | 0 | @a南欧@x历史 |
| 606 | @a现代史-梵蒂冈 | |
| 607 | @a梵蒂冈@x现代史 | |
| 690 | @aK547 | |
| 690 | @aK547.5@v3 | |
| 701 | 1 | @a舍英曼@Ashe ying man@bМ.М.@4著 |
| 701 | A1 | @aЩейнман@bМ.М.@4著 |
| 712 | 02 | @a黑龙江大学俄语系@Ahei long jiang da xue e yu xi@4译 |
| 801 | 0 | @aCN@bNLC@c20060801 |
| 905 | @f1@b20062@dK547@e1 | |
| 梵蒂冈史:第二次世界大战时期/(苏)舍英曼(М.М.Щейнман)著/黑龙江大学俄语系翻译组译.-哈尔滨:黑龙江人民出版社,1979 |
| 654页;20cm |
| 内部读物.-书名原文:Ватикан |
| ISBN :CNY2.20 |
| ● |
| 相关链接 |
|
|
|
|
正题名:梵蒂冈史
索取号:K547/1
 
预约/预借
| 序号 | 登录号 | 条形码 | 馆藏地/架位号 | 状态 | 备注 |
| 1 | 0020062 | 001926278 | 密集书库/ [索取号:K547/1] | 在馆 | |
| 2 | 0444046 | 204440462 | 密集书库/ [索取号:K547/1] | 在馆 |